000 00583nam a2200205Ia 4500
003 OSt
005 20220928133047.0
006 a|||||r|||| 00| 0
007 ta
008 220927b |||||||| |||| 00| 0 eng d
024 _a26345
037 _cAnnuals, Advances
040 _aSDCL
_cSDCL
_beng
041 _2eng
_aeng
082 _aX9W.2'N7, L8
245 0 _aPERFORMANCE OF Indian public enterprises (macro report)
260 _aDelhi
_bStanding Conference of Public Enterprises
_c1978
942 _hX9W.2'N7, L8
_cREF
_2CC
999 _c797669
_d797669